Možnosti financovania nehnuteľností bankovými produktmi bakalárska práca

Gespeichert in:
Bibliographische Detailangaben
1. Verfasser: Vavrová, Veronika
Körperschaft: Národohospodárska fakulta EU. Katedra bankovníctva a medzinárodných financií
Weitere Verfasser: Bratková, Nina
Format: Buch
Sprache:Slowakisch
Veröffentlicht: Bratislava 2013
Tags: Tag hinzufügen
Keine Tags, Fügen Sie das erste Tag hinzu!

MARC

LEADER 00000nbm a2200000 4500
001 0172413
005 20161109112050.2
041 0 |a slo 
044 |a SK 
245 1 0 |a Možnosti financovania nehnuteľností bankovými produktmi  |b bakalárska práca  |c Veronika Vavrová ; školiteľ: Nina Bratková 
264 1 |a Bratislava  |c 2013 
300 |a 55 s. 
100 1 |a Vavrová, Veronika 
700 1 |a Bratková, Nina 
710 2 |a Národohospodárska fakulta EU. Katedra bankovníctva a medzinárodných financií